Pakistan's arms procurement and military build-up 1979-99 : (Record no. 15933)
[ view plain ]
| 000 -LEADER | |
|---|---|
| fixed length control field | 01330nam a2200265 a 4500 |
| 001 - CONTROL NUMBER | |
| control field | ASIN0333731727 |
| 005 - DATE AND TIME OF LATEST TRANSACTION | |
| control field | 20170105102928.0 |
| 008 - FIXED-LENGTH DATA ELEMENTS--GENERAL INFORMATION | |
| fixed length control field | 131216s2001 xxu eng d |
| 020 ## - INTERNATIONAL STANDARD BOOK NUMBER | |
| International Standard Book Number | 0333731727 (hardcover) |
| Terms of availability | $137.00 |
| 020 ## - INTERNATIONAL STANDARD BOOK NUMBER | |
| International Standard Book Number | 9780333731727 (hardcover) |
| 040 ## - CATALOGING SOURCE | |
| Original cataloging agency | 0 |
| 050 04 - LIBRARY OF CONGRESS CALL NUMBER | |
| Classification number | UA853.P3 |
| 082 04 - DEWEY DECIMAL CLASSIFICATION NUMBER | |
| Classification number | 355.03355491 |
| Author Mark | SID 2003 |
| 100 1# - MAIN ENTRY--PERSONAL NAME | |
| Personal name | Siddiqa-Agha, Ayesha. |
| 245 10 - TITLE STATEMENT | |
| Title | Pakistan's arms procurement and military build-up 1979-99 : |
| Remainder of title | in search of a policy / |
| Statement of responsibility, etc. | Ayesha Siddiqa-Agha. |
| 260 ## - PUBLICATION, DISTRIBUTION, ETC. | |
| Place of publication, distribution, etc. | [S.l.] : |
| Name of publisher, distributor, etc. | Sang-e-Meel Publications, |
| Date of publication, distribution, etc. | 2003. |
| 300 31 - PHYSICAL DESCRIPTION | |
| Extent | 2p. ; |
| Dimensions | 22 cm. |
| 520 ## - SUMMARY, ETC. | |
| Summary, etc. | This book presents a fundamental departure in presenting an analysis of the internal dynamics of defense management and decision-making in Pakistan--a new nuclear weapon state. This is an in-depth study of Pakistan's security link with its arms suppliers and defense industrial capacity, and the influence of Pakistan's army on conventional and unconventional defense decisions. The analysis is backed with numerous case studies of defense decisions carried out from 1979-99. |
| 650 #0 - SUBJECT ADDED ENTRY--TOPICAL TERM | |
| Topical term or geographic name entry element | Armed Forces--Procurement |
| 650 #0 - SUBJECT ADDED ENTRY--TOPICAL TERM | |
| Topical term or geographic name entry element | Defense industries |
| 650 #0 - SUBJECT ADDED ENTRY--TOPICAL TERM | |
| Topical term or geographic name entry element | Military policy |
| 650 #0 - SUBJECT ADDED ENTRY--TOPICAL TERM | |
| Topical term or geographic name entry element | Pakistan |
| 856 40 - ELECTRONIC LOCATION AND ACCESS | |
| Materials specified | Amazon.com |
| Uniform Resource Identifier | <a href="http://www.amazon.com/exec/obidos/ASIN/0333731727/chopaconline-20">http://www.amazon.com/exec/obidos/ASIN/0333731727/chopaconline-20</a> |
| 942 ## - ADDED ENTRY ELEMENTS (KOHA) | |
| Source of classification or shelving scheme | |
| Koha item type | Book |
| Withdrawn status | Lost status | Damaged status | Not for loan | Collection code | Permanent Location | Current Location | Shelving location | Date acquired | Total Checkouts | Full call number | Barcode | Date last seen | Price effective from | Koha item type |
|---|---|---|---|---|---|---|---|---|---|---|---|---|---|---|
| Centre for International Peace & Stability (CIPS) | Centre for International Peace & Stability (CIPS) | General Stacks | 10/02/2013 | 355.03355491 SID 2003 | CIPS0002440 | 12/17/2013 | 12/17/2013 | Book |
